[Event "Vierkampen"]
[Site "Amsterdam"]
[Date "2011.11.15"]
[Round "2.2"]
[White "Van Der Sterren, Paul"]
[Black "Peng, Zhaoqin"]
[Result "1/2-1/2"]
[BlackElo "2379"]
[WhiteElo "2514"]

1. c4 {[%clk 1:30:53]} e5 {[%clk 1:30:50]} 2. Nc3 {[%clk 1:31:07]} Nf6
{[%clk 1:31:09]} 3. Nf3 {[%clk 1:31:30]} Nc6 {[%clk 1:31:22]} 4. g3
{[%clk 1:31:39]} Nd4 {[%clk 1:30:19]} 5. Bg2 {[%clk 1:31:57]} Nxf3
{[%clk 1:30:26]} 6. Bxf3 {[%clk 1:32:19]} Bc5 {[%clk 1:29:57]} 7. d3
{[%clk 1:29:35]} h6 {[%clk 1:26:58]} 8. Rb1 {[%clk 1:25:31]} a6 {[%clk 1:20:02]}
9. b4 {[%clk 1:23:38]} Bd4 {[%clk 1:20:17]} 10. Bb2 {[%clk 1:23:09]} O-O
{[%clk 1:19:45]} 11. e3 {[%clk 1:21:39]} Bxc3 {[%clk 1:19:54]} 12. Bxc3
{[%clk 1:21:59]} Re8 {[%clk 1:20:18]} 13. O-O {[%clk 1:21:38]} d5
{[%clk 1:19:35]} 14. cxd5 {[%clk 1:07:53]} Nxd5 {[%clk 1:19:48]} 15. Ba1
{[%clk 1:08:13]} c6 {[%clk 1:17:27]} 16. Bg2 {[%clk 1:03:46]} Qe7
{[%clk 1:09:44]} 17. Qd2 {[%clk 1:01:22]} Nc7 {[%clk 0:45:08]} 18. Rbe1
{[%clk 0:47:10]} a5 {[%clk 0:36:55]} 19. bxa5 {[%clk 0:45:27]} Qa3
{[%clk 0:34:29]} 20. Bc3 {[%clk 0:33:14]} Nd5 {[%clk 0:34:12]} 21. Bxd5
{[%clk 0:33:19]} cxd5 {[%clk 0:34:41]} 22. f4 {[%clk 0:32:43]} Bh3
{[%clk 0:32:30]} 23. Rf2 {[%clk 0:32:56]} f6 {[%clk 0:32:45]} 24. fxe5
{[%clk 0:33:06]} fxe5 {[%clk 0:33:13]} 25. e4 {[%clk 0:26:53]} d4
{[%clk 0:23:34]} 26. Bb4 {[%clk 0:27:15]} Qa4 {[%clk 0:23:58]} 27. a3
{[%clk 0:24:19]} Qd7 {[%clk 0:22:12]} 28. Rc1 {[%clk 0:17:58]} Rac8
{[%clk 0:21:38]} 29. Qa2 {[%clk 0:17:46]} 1/2-1/2

[Event "Vierkampen"]
[Site "?"]
[Date "2011.11.14"]
[Round "1.1"]
[White "Peng, Zhaoqin"]
[Black "Cramling, Pia"]
[Result "1/2-1/2"]
[BlackElo "2495"]
[WhiteElo "2379"]

1. Nf3 {[%clk 1:30:50]} c5 {[%clk 1:29:29]} 2. c4 {[%clk 1:31:06]} Nf6
{[%clk 1:29:44]} 3. d4 {[%clk 1:31:26]} cxd4 {[%clk 1:28:44]} 4. Nxd4
{[%clk 1:31:50]} Nc6 {[%clk 1:28:09]} 5. Nc3 {[%clk 1:30:30]} e6 {[%clk 1:27:05]}
6. a3 {[%clk 1:25:51]} a6 {[%clk 1:22:31]} 7. e3 {[%clk 1:19:27]} Qc7
{[%clk 1:16:29]} 8. Be2 {[%clk 1:14:48]} b6 {[%clk 1:12:59]} 9. Nxc6
{[%clk 1:07:18]} dxc6 {[%clk 1:13:21]} 10. b3 {[%clk 1:07:36]} Bb7
{[%clk 1:09:15]} 11. Bb2 {[%clk 1:06:35]} Rd8 {[%clk 1:00:00]} 12. Qc2
{[%clk 1:06:56]} c5 {[%clk 1:00:16]} 13. Bf3 {[%clk 1:04:07]} Bd6
{[%clk 0:56:32]} 14. Rd1 {[%clk 0:49:39]} O-O {[%clk 0:55:32]} 15. Bxb7
{[%clk 0:47:11]} Qxb7 {[%clk 0:55:53]} 16. O-O {[%clk 0:47:32]} Rd7
{[%clk 0:49:43]} 17. Rd2 {[%clk 0:35:24]} Rfd8 {[%clk 0:46:38]} 18. Rfd1
{[%clk 0:35:43]} h6 {[%clk 0:44:34]} 19. h3 {[%clk 0:29:54]} Qc7 {[%clk 0:34:30]}
20. Kf1 {[%clk 0:24:00]} Qc6 {[%clk 0:33:32]} 21. a4 {[%clk 0:22:49]} Qb7
{[%clk 0:26:27]} 22. f3 {[%clk 0:17:29]} Be5 {[%clk 0:22:37]} 23. Rxd7
{[%clk 0:17:25]} Rxd7 {[%clk 0:23:02]} 24. Rxd7 {[%clk 0:15:56]} Nxd7
{[%clk 0:21:43]} 25. Ne4 {[%clk 0:13:55]} Qc7 {[%clk 0:21:35]} 26. Bc3
{[%clk 0:09:17]} f5 {[%clk 0:20:20]} 27. Nd2 {[%clk 0:09:16]} Nb8
{[%clk 0:19:31]} 28. f4 {[%clk 0:06:03]} Bxc3 {[%clk 0:18:49]} 29. Qxc3
{[%clk 0:06:32]} Nc6 {[%clk 0:17:37]} 30. Nf3 {[%clk 0:06:55]} Qd6
{[%clk 0:16:33]} 31. Ke2 {[%clk 0:06:24]} Kf7 {[%clk 0:15:24]} 32. Qd3
{[%clk 0:06:22]} Qxd3 {[%clk 0:10:45]} 33. Kxd3 {[%clk 0:06:50]} e5
{[%clk 0:10:05]} 34. Kd2 {[%clk 0:01:30]} Kf6 {[%clk 0:09:03]} 35. g3
{[%clk 0:00:51]} g5 {[%clk 0:05:37]} 36. Kd1 {[%clk 0:00:48]} e4 {[%clk 0:04:24]}
37. Ng1 {[%clk 0:00:50]} gxf4 {[%clk 0:02:54]} 38. gxf4 {[%clk 0:01:09]} Ke6
{[%clk 0:02:31]} 39. Ne2 {[%clk 0:01:16]} Nb4 {[%clk 0:02:09]} 40. Nc3
{[%clk 0:31:05]} Kd6 {[%clk 0:31:25]} 41. Kd2 {[%clk 0:25:55]} Ke6
{[%clk 0:29:17]} 42. h4 {[%clk 0:17:44]} Ke7 {[%clk 0:27:22]} 43. h5
{[%clk 0:15:01]} Kd6 {[%clk 0:27:20]} 44. Ne2 {[%clk 0:14:36]} Nc6
{[%clk 0:25:33]} 45. Nc3 {[%clk 0:13:32]} Nb4 {[%clk 0:20:14]} 46. Ne2
{[%clk 0:13:52]} Nc6 {[%clk 0:19:21]} 47. Nc3 {[%clk 0:14:13]} Nb4
{[%clk 0:14:32]} 48. Ne2 {[%clk 0:14:29]} Kd7 {[%clk 0:13:29]} 49. Ng3
{[%clk 0:13:35]} Ke6 {[%clk 0:13:53]} 50. Ne2 {[%clk 0:13:59]} Ke7
{[%clk 0:12:27]} 51. Ng3 {[%clk 0:14:10]} Ke6 {[%clk 0:12:43]} 52. Ne2
{[%clk 0:14:37]} Nc6 {[%clk 0:11:08]} 53. Nc3 {[%clk 0:14:50]} Nb4
{[%clk 0:11:24]} 1/2-1/2

[Event "Vierkampen"]
[Site "Amsterdam"]
[Date "2011.11.16"]
[Round "3.1"]
[White "Cramling, Pia"]
[Black "Van Der Sterren, Paul"]
[Result "1-0"]
[BlackElo "2514"]
[WhiteElo "2495"]

1. d4 {[%clk 1:30:53]} d5 {[%clk 1:30:34]} 2. Nf3 {[%clk 1:30:56]} Nf6
{[%clk 1:30:42]} 3. c4 {[%clk 1:31:05]} e6 {[%clk 1:30:47]} 4. Nc3
{[%clk 1:30:37]} Be7 {[%clk 1:30:59]} 5. Bg5 {[%clk 1:30:06]} h6 {[%clk 1:31:01]}
6. Bxf6 {[%clk 1:26:21]} Bxf6 {[%clk 1:31:08]} 7. e3 {[%clk 1:21:06]} O-O
{[%clk 1:31:10]} 8. Rc1 {[%clk 1:21:14]} c6 {[%clk 1:30:09]} 9. Bd3
{[%clk 1:21:29]} Nd7 {[%clk 1:30:12]} 10. O-O {[%clk 1:21:23]} dxc4
{[%clk 1:29:17]} 11. Bxc4 {[%clk 1:21:49]} e5 {[%clk 1:29:31]} 12. Ne4
{[%clk 1:21:11]} exd4 {[%clk 1:27:45]} 13. Nxd4 {[%clk 1:21:18]} Be5
{[%clk 1:10:22]} 14. f4 {[%clk 0:57:42]} Bxd4 {[%clk 1:04:44]} 15. Qxd4
{[%clk 0:57:28]} Nb6 {[%clk 1:04:24]} 16. Qxd8 {[%clk 0:56:31]} Rxd8
{[%clk 1:04:45]} 17. Bb3 {[%clk 0:56:49]} Nd5 {[%clk 0:52:36]} 18. Rfe1
{[%clk 0:54:26]} Nc7 {[%clk 0:39:15]} 19. Kf2 {[%clk 0:35:02]} Be6
{[%clk 0:37:41]} 20. Bxe6 {[%clk 0:32:54]} Nxe6 {[%clk 0:38:04]} 21. Red1
{[%clk 0:32:36]} Kf8 {[%clk 0:32:56]} 22. g4 {[%clk 0:29:02]} Ke7
{[%clk 0:32:10]} 23. h4 {[%clk 0:27:47]} g6 {[%clk 0:21:24]} 24. f5
{[%clk 0:24:51]} gxf5 {[%clk 0:21:20]} 25. gxf5 {[%clk 0:25:05]} Nc7
{[%clk 0:20:40]} 26. Kf3 {[%clk 0:23:12]} Nd5 {[%clk 0:20:24]} 27. Nc5
{[%clk 0:23:08]} b6 {[%clk 0:16:11]} 28. Nd3 {[%clk 0:22:17]} c5 {[%clk 0:15:09]}
29. e4 {[%clk 0:22:03]} Nb4 {[%clk 0:10:33]} 30. Nxb4 {[%clk 0:21:15]} Rxd1
{[%clk 0:10:55]} 31. Nc6 {[%clk 0:14:00]} Kd6 {[%clk 0:11:20]} 32. Rxd1
{[%clk 0:14:24]} Kxc6 {[%clk 0:11:44]} 33. e5 {[%clk 0:14:46]} c4
{[%clk 0:12:08]} 34. Rd6 {[%clk 0:12:00]} Kc5 {[%clk 0:12:33]} 35. Rd7
{[%clk 0:12:13]} Rf8 {[%clk 0:09:08]} 36. Rxa7 {[%clk 0:12:11]} h5
{[%clk 0:09:32]} 37. Ke4 {[%clk 0:09:36]} b5 {[%clk 0:09:47]} 38. a3
{[%clk 0:08:26]} Rg8 {[%clk 0:08:04]} 39. Rc7 {[%clk 0:05:40]} Kb6
{[%clk 0:08:29]} 40. Rxf7 {[%clk 0:35:56]} Rg2 {[%clk 0:38:54]} 41. e6
{[%clk 0:33:41]} Rxb2 {[%clk 0:39:16]} 42. e7 {[%clk 0:32:50]} Re2
{[%clk 0:39:33]} 43. Kf3 {[%clk 0:31:48]} 1-0

[Event "Vierkampen"]
[Site "Amsterdam"]
[Date "2011.11.16"]
[Round "3.2"]
[White "Peng, Zhaoqin"]
[Black "Olafsson, Fridrik"]
[Result "1-0"]
[BlackElo "2428"]
[WhiteElo "2379"]

1. d4 {[%clk 1:30:46]} Nf6 {[%clk 1:29:56]} 2. c4 {[%clk 1:31:07]} g6
{[%clk 1:29:31]} 3. Nc3 {[%clk 1:30:29]} Bg7 {[%clk 1:29:42]} 4. e4
{[%clk 1:30:19]} d6 {[%clk 1:30:05]} 5. Nf3 {[%clk 1:30:18]} Bg4 {[%clk 1:29:45]}
6. Be2 {[%clk 1:30:35]} Nfd7 {[%clk 1:30:13]} 7. Ng1 {[%clk 1:26:39]} Bxe2
{[%clk 1:26:17]} 8. Ngxe2 {[%clk 1:26:30]} O-O {[%clk 1:22:21]} 9. O-O
{[%clk 1:24:58]} c5 {[%clk 1:16:00]} 10. d5 {[%clk 1:19:14]} Na6 {[%clk 1:16:00]}
11. Bg5 {[%clk 1:11:04]} Nc7 {[%clk 1:16:26]} 12. Qd2 {[%clk 1:07:25]} a6
{[%clk 1:16:18]} 13. a4 {[%clk 1:00:46]} Rb8 {[%clk 1:13:18]} 14. a5
{[%clk 1:00:34]} b5 {[%clk 1:13:28]} 15. axb6 {[%clk 1:00:46]} Rxb6
{[%clk 1:13:57]} 16. Ra3 {[%clk 0:50:41]} Re8 {[%clk 1:11:17]} 17. b3
{[%clk 0:50:52]} Qb8 {[%clk 1:09:52]} 18. Nc1 {[%clk 0:51:18]} e6
{[%clk 1:06:37]} 19. h3 {[%clk 0:48:03]} exd5 {[%clk 1:05:40]} 20. exd5
{[%clk 0:47:40]} Nf6 {[%clk 0:54:48]} 21. Qc2 {[%clk 0:39:01]} h6
{[%clk 0:53:11]} 22. Be3 {[%clk 0:38:51]} Qd8 {[%clk 0:49:22]} 23. Nd3
{[%clk 0:35:37]} Nd7 {[%clk 0:48:50]} 24. Qd2 {[%clk 0:33:39]} Kh7
{[%clk 0:48:25]} 25. Na4 {[%clk 0:29:03]} Rb7 {[%clk 0:46:48]} 26. b4
{[%clk 0:27:29]} cxb4 {[%clk 0:45:50]} 27. Nxb4 {[%clk 0:27:51]} Ne5
{[%clk 0:44:45]} 28. Nc6 {[%clk 0:24:25]} Qh4 {[%clk 0:44:51]} 29. Nxe5
{[%clk 0:24:25]} Rxe5 {[%clk 0:43:21]} 30. Rc1 {[%clk 0:19:42]} Re4
{[%clk 0:42:11]} 31. Qd3 {[%clk 0:11:42]} Rb4 {[%clk 0:38:08]} 32. g3
{[%clk 0:10:56]} Qe7 {[%clk 0:38:09]} 33. Bd2 {[%clk 0:08:51]} Rb8
{[%clk 0:36:04]} 34. Be3 {[%clk 0:08:44]} Rb4 {[%clk 0:28:02]} 35. Bd2
{[%clk 0:08:21]} Rb8 {[%clk 0:25:13]} 36. Kg2 {[%clk 0:07:55]} Rd4
{[%clk 0:23:48]} 37. Qe3 {[%clk 0:08:09]} Re4 {[%clk 0:22:14]} 38. Qd3
{[%clk 0:06:36]} Rd4 {[%clk 0:18:04]} 39. Qe3 {[%clk 0:06:50]} Re4
{[%clk 0:16:23]} 40. Qf3 {[%clk 0:31:31]} f5 {[%clk 0:45:13]} 41. Qd3
{[%clk 0:20:40]} Ne8 {[%clk 0:38:05]} 42. Bc3 {[%clk 0:18:47]} Nf6
{[%clk 0:37:13]} 43. c5 {[%clk 0:15:24]} dxc5 {[%clk 0:29:25]} 44. Bxf6
{[%clk 0:11:52]} Qxf6 {[%clk 0:29:14]} 45. Nxc5 {[%clk 0:11:37]} Rd4
{[%clk 0:28:46]} 46. Qf3 {[%clk 0:10:55]} Qd6 {[%clk 0:16:33]} 47. Ne6
{[%clk 0:09:57]} Rxd5 {[%clk 0:16:26]} 48. Nxg7 {[%clk 0:09:59]} Kxg7
{[%clk 0:13:50]} 49. Rxa6 {[%clk 0:10:03]} Qe5 {[%clk 0:10:34]} 50. Rcc6
{[%clk 0:08:46]} Rbd8 {[%clk 0:09:28]} 51. Rxg6 {[%clk 0:08:59]} Kf7
{[%clk 0:09:58]} 52. Qh5 {[%clk 0:07:18]} 1-0